Malvaloca /

El presente volumen recoge cinco obras: Malvaloca, Amores y amoríos, Puebla de las mujeres, Doña Clarines (1909) –también adscrita al género cómico- y El genio alegre.

Gespeichert in:
Bibliographische Detailangaben
1. Verfasser: Alvarez Quintero, Serafín (autor)
Weitere Verfasser: Alvarez Quintero, Joaquín (autor) (autor)
Format: Buch
Sprache:Spanisch
Veröffentlicht: México : Porrúa, 1973, c1973
Schriftenreihe:(Sepan Cuántos; 244)
Schlagworte:
Tags: Tag hinzufügen
Keine Tags, Fügen Sie das erste Tag hinzu!

MARC

LEADER 00000nam^a2200000^a^4500
001 000014753
005 20250521000000.0
009 20260310083955.693
037 |a Acervo ITESO - Biblioteca 
041 |a ESP 
082 |a 082.  |b POR V. 244 
100 |a Alvarez Quintero, Serafín  |e (autor) 
240 1 1 |a [Malvaloca] 
240 1 1 |a [Amores y amoríos] 
240 1 1 |a [Puebla de las mujeres] 
240 1 1 |a [Doña Clarines] 
240 1 4 |a [El genio alegre] 
245 1 0 |a Malvaloca /  |c S. Alvarez Quintero, J. Alvarez Quintero ; pról. de Ofelia Garza de Del Castillo. 
264 4 |a México :  |b Porrúa,  |c 1973, c1973 
300 |a XXXI, 215 p. 
336 |a texto  |b txt  |2 rdacontenido 
337 |a sin mediación  |b n  |2 rdamedio 
338 |a volumen  |b nc  |2 rdasoporte 
440 1 |a (Sepan Cuántos;  |v 244) 
520 |a El presente volumen recoge cinco obras: Malvaloca, Amores y amoríos, Puebla de las mujeres, Doña Clarines (1909) –también adscrita al género cómico- y El genio alegre. 
545 0 |a Nacidos en Utrera, provincia de Sevilla, en 1871 y 1873 respectivamente, los comediógrafos españoles Serafín y Joaquín Alvarez Quintero son autores de una extensa producción dramática compuesta por más de 200 obras, escritas en estrecha colaboración salvo durante el breve paréntesis del matrimonio de Serafín. Publicaron sus primeros escritos en la prensa sevillana bajo el pseudónimo de El Diablo Cojuelo y escribieron en 1888 Esgrima y amor, su primera comedia, pero alcanzaron su primer éxito con el entremés El ojito derecho (1897). Las obras de los hermanos Alvarez Quintero, cuyas tramas se sitúan generalmente en Andalucía y de modo específico en Sevilla, entroncan con el costumbrismo del siglo XIX y proceden, en cuanto a su técnica fundamental, del sainete y del entremés, con un lenguaje vivo y ágil que se expresa en diálogos ingeniosos. El sainete La reina mora (1903), el drama Malvaloca (1912) y las comedias costumbristas Las flores (1901), El amor que pasa (1904), El genio alegre (1906), Amores y amoríos (1908), Las de Caín (1908) –cuya acción se sitúa fuera del ambiente andaluz y que es citada en ocasiones como su mejor obra- y Puebla de las mujeres (1912) son algunos de los títulos más sobresalientes de Serafín y Joaquín Alvarez Quintero, quienes fallecieron respectivamente en los años 1938 y 1944 en Madrid. 
649 |a XX 
650 |a Comedia Andaluza 
650 |a Comedia Española 
650 |a Teatro Andaluz 
650 |a Teatro Español 
650 |a Literatura Costumbrista -  |z Andalucía, España 
650 |a Literatura Costumbrista -  |z España 
650 |a Literatura Andaluza -  |y Siglo XX 
650 |a Literatura Española -  |y Siglo XX 
740 0 |a Amores y amoríos /  |c S. Alvarez Quintero, J. Alvarez Quintero ; pról. de Ofelia Garza de Del Castillo. 
740 0 |a Puebla de las mujeres /  |c S. Alvarez Quintero, J. Alvarez Quintero ; pról. de Ofelia Garza de Del Castillo. 
740 0 |a Doña Clarines /  |c S. Alvarez Quintero, J. Alvarez Quintero ; pról. de Ofelia Garza de Del Castillo. 
740 3 |a El genio alegre /  |c S. Alvarez Quintero, J. Alvarez Quintero ; pról. de Ofelia Garza de Del Castillo. 
700 |a Alvarez Quintero, Joaquín  |e (autor) 
910 |a Fondo General 
920 |a Impresos - Libros 
930 |a Colección General 
940 |a Literatura 
905 |a 101 
901 |a 0147530100  |b IT1  |c LIT  |i 014753  |u 20250521 
902 |a https://opac.biblio.iteso.mx/vufind/Record/000014753